Central Library, Doon University
WEBOPAC (ONLINE PUBLIC ACCESS CATALOGUE)

Modern Thermodynamics with Statistical Mechanics (Record no. 60970)

MARC details
000 -LEADER
fixed length control field 00491nam a22001817a 4500
005 - DATE & TIME
control field 20260603123245.0
008 - FIXED-LENGTH DATA ELEMENTS--GENERAL INFORMATION
fixed length control field 260603b |||||||| |||| 00| 0 eng d
020 ## - ISBN
International Standard Book Number 9783540854173
Price 5290.00
040 ## - CATALOGING SOURCE
Original cataloging agency Doon University
041 ## - Language
Language English
082 ## - DDC NUMBER
Classification number 536.7
Book Number HEL
100 ## - MAIN ENTRY--PERSONAL NAME
Personal name Helrich, Carl S.
245 ## - TITLE STATEMENT
Title Modern Thermodynamics with Statistical Mechanics
260 ## - PUBLICATION, DISTRIBUTION, ETC. (IMPRINT)
Place of publication, distribution, etc United State of America
Name of publisher, distributor, etc Springer
Date of publication, distribution, etc 2009
300 ## - PHYSICAL DESCRIPTION
Pages 402
650 ## - Subject
Subject Physics (PM USHA
942 ## - ADDED ENTRY ELEMENTS (KOHA)
Koha item type Books
100 ## - MAIN ENTRY--PERSONAL NAME
-- 26995
650 ## - Subject
-- 26699
952 ## - LOCATION AND ITEM INFORMATION (KOHA)
-- 2026-06-03
952 ## - LOCATION AND ITEM INFORMATION (KOHA)
-- 2026-06-03
Holdings
Withdrawn status Lost status Source of classification or shelving scheme Damaged status Not for loan Location (home branch) Sublocation or collection (holding branch) Date acquired Koha full call number Accession No. Koha date last seen Koha item type Koha issues (times borrowed)
        Not For Loan Doon University Doon University 03.06.2026 536.7 HEL 33263 03.06.2026 Reference  
          Doon University Doon University 03.06.2026 536.7 HEL 33264 03.06.2026 Books  
Contact : +91-135-2533126 (Library),+91-135-2533105 (Admin Office) , Email : doonlibrary@gmail.com

Powered by Koha